000 00711nam a22001817a 4500
999 _c59268
_d59268
005 20221226165341.0
008 221226s1948ru xxu||||| |||| 00| 0 rus d
041 _arus
080 _a821.161.1 Л-49
100 _aЛермонтов, М. Ю
_916588
245 _aПолное собрание сочинений В 4 томах:
_bТ. 1: Стихотворения /
_cМ.Ю. Лермонтов, Ред. Г,Макогоненко.
264 _aМ.-Л.:
_bОГИЗ Гослитиздат,
_c1948.
300 _a393 стр,
_b22 см.
653 _aСтихотворения
653 _aლექსები
700 _aМакогоненко. Г
_eრედაქტორი
_916591
942 _2udc
_cBK